MDQL
is popping MORE tags! Check the
thread
!
Quizzes
Events
Quiz Creation
Community
Videos
Private Events
Remove Ads
Sign In
Join for FREE
Feedback
Dark Mode
Quiz Categories
Sports
Geography
Music
Movies
Television
Just For Fun
Miscellaneous
History
Literature
Language
Science
Gaming
Entertainment
Religion
Holiday
For Kids
Quiz Lab
Recent
Popular Today
Quiz Kudos Today
Editor Picks
Curator Picks
Quizzes by...
Day
Popularity
Type
Ratings
Length
Year
Community
Subscriptions
Recent Discussions
Orange Saloon
Badges
Playlists
Quests
Create
Leaderboards
Showdown
Live 5
Trivia Bingo
Activity
Puzzle Library
Sporcle Events
Private Events
Virtual Trivia
Globe League
Become a Host
Pub Owners
SporcleCon
Opinionation
Our Games
Videos
Blog
Mobile Apps
Partnerships
Remove Ads and Go Orange
Feedback
Entertainment
Celebrity
Famous
Musical
Broadway
Show
Quote
Comic Books
Anime
Superhero
DC Comics
Marvel
Cartoons
Animation
Entertainment
Celebrity
Famous
Musical
Broadway
Show
Quote
Comic Books
Anime
Superhero
DC Comics
Marvel
Cartoons
Animation
Random Quiz
Search Sporcle
×
Quiz Lab
Quiz Lab
Entertainment
Entertainment Weekly
Type in answers that appear in a list
Type in answers that appear in a list
Classic
Best Score? Go Orange.
Sci Fi 100 Stats
Can you name the Entertainment Weekly's Sci Fi 100?
By
bojanthebest
15m
100 Questions
756 Plays
756 Plays
756 Plays
Comments
Comments
Give Quiz Kudos
Give Quiz Kudos
-
- Ratings
hide this ad
More Info
Replay
Link that replays current quiz
Next Quiz
Link to next quiz in quiz playlist
You Got
0%
They Got
Avg Score
31%
Avg Friend Score
Upgrade to see
Score Distribution
Jump to the score distribution portion of the page
Score
0/100
Timer
15:00
0
Plays Today
rank
answer
% Correct
1.
Star Wars
96.9%
2.
Star Trek
95.8%
9.
Alien
81.1%
7.
War of the Worlds
79.7%
5.
2001: A Space Odyssey
73.2%
14.
Blade Runner
71.3%
10.
Superman
67.6%
18.
E.T.:The Extra-Terrestrial
65.3%
6.
Metropolis
64.9%
3.
The Twilight Zone
64%
75.
X — The Man With X-Ray Eyes
62.4%
23.
The Terminator
61.9%
17.
Planet of the Apes
59.1%
12.
Close Encounters of the Third Kind
58.7%
15.
The Time Machine
57.5%
11.
The Day the Earth Stood Still
55.4%
13.
1984
55%
27.
Back to the Future
55%
40.
V
54.3%
30.
The Thing
54.2%
8.
Invasion of the Body Snatchers
53.4%
4.
Frankenstein
52.7%
16.
The X-Files
50.7%
62.
Dr. Who
50.1%
84.
Predator
48.5%
29.
Jurassic Park
48.1%
69.
Lost in Space
47.3%
83.
Dune
42.1%
44.
Flash Gordon
41.2%
70.
Logan's Run
38.8%
41.
Forbidden Planet
37.2%
21.
I, Robot
36.8%
25.
The Outer Limits
35.5%
100.
Independence Day
34.7%
rank
answer
% Correct
56.
Total Recall
34.1%
68.
Space Invaders
34.1%
38.
Soylent Green
33.7%
58.
Akira
33.3%
46.
Robocop
32.5%
26.
The Fly
32.3%
51.
Fahrenheit 451
31.9%
48.
Buck Rogers in the 25th Century
31.7%
22.
A Clockwork Orange
30.5%
55.
Tron
30.4%
20.
A Trip to the Moon
30.3%
28.
Godzilla, King of the Monsters
29.9%
80.
Westworld
27.2%
24.
Brave New World
27%
98.
Watchmen
27%
37.
Brazil
26.7%
86.
Silent Running
25.2%
97.
Babylon 5
24.2%
39.
Mad Max
23.8%
91.
The Hitchhiker's Guide to the Galaxy
23.4%
60.
12 Monkeys
23.2%
36.
Solaris
22.7%
65.
Them!
21.6%
61.
Fantastic Voyage
21.4%
43.
The Martian Chronicles
20.8%
82.
The Incredible Hulk
20.7%
31.
Stranger in a Strange Land
20.5%
81.
The Invaders
18.1%
66.
The Abyss
17.9%
72.
The Andromeda Strain
16.9%
19.
Amazing Stories
16.5%
34.
Neuromancer
16.3%
90.
Myst
15.9%
49.
From the Earth to the Moon
15.4%
rank
answer
% Correct
76.
Starman
15.4%
50.
Slaughterhouse Five
15.1%
64.
Escape From New York
13.9%
52.
The Jetsons
13.5%
95.
They Live!
13.3%
99.
Sun Ra
13.3%
77.
The Stepford Wives
12.7%
85.
Dark Star
12.7%
47.
Rollerball
12.5%
74.
Invaders From Mars
12.2%
32.
The Incredible Shrinking Man
10.9%
78.
Village of the Damned
10.9%
54.
Alphaville
10.2%
53.
Captain Video and His Video Rangers
9.8%
42.
La Jetee
9.7%
67.
Mystery Science Theater 3000
9.4%
96.
A Boy and His Dog
9.3%
94.
The Six Million Dollar Man
9.2%
35.
Weird Science
9%
89.
The Adventures of Buckaroo Banzai Across the Eighth Dimension
8.9%
45.
This Island Earth
8.8%
73.
Dr. Jekyll & Mr. Hyde
8.5%
57.
Things to Come
8.2%
33.
Sleeper
7.7%
63.
The Rocky Horror Picture Show
7.7%
93.
Max Headroom
6.6%
92.
Capricorn One
6.5%
88.
The Lathe of Heaven
6.4%
87.
Death Race 2000
5.8%
79.
When Worlds Collide
5.7%
71.
The Female Man
4.9%
59.
Dangerous Visions
3.7%
Quiz Playlist
Details
Report
Send in Message
Add To Playlist
More Info:
This is a list of science fictions greatest works including movies, tv shows, books and other forms of sci-fi things. This list was from Oct 16, 1998.
Classic:
Type in answers that appear in a list
Quiz Source
Last Updated: Feb 16, 2017
Quiz Scoreboard
CHALLENGE
Sign Up to Join the Scoreboard
Show All
Scores
Hide
Comments
May contain spoilers
Recently Published
5x2 Blitz: Bands
by SL_Kpop136
Music
30s
Colored Red Africa Blitz
by spor1
Geography
30s
Find the 'City' Movie
by crazypaving
Movies
60s
More to Explore
Quiz From the Vault
Featured Blog Post
14 Easter Pick-up Lines to Find Eggs With
hide this ad
You Might Also Like...
Tags
100
Entertainment Weekly
sci-fi
Weekly
Today's Top Quizzes in Entertainment
Browse Entertainment
hide this ad
Top Contributed Quizzes in Entertainment
1
7-to-1: DC Comics Villains
2
Marvel Characters Bunker
3
The Beatles on The Simpsons
4
Dragon Ball Z: Goku's Fights in Order
5
Eurovision 2023 Logic Puzzle
6
Sorting Pictures: Villains
7
Criteria Quickie: Cartoon Taxonomy II
8
7-to-1: One Piece
9
Mini Trivia Sudoku: Musicals
10
Fictional Villains Letter U Blitz
Explore More
Trending Topics
Harry Potter
Kpop
NBA
Crossword
Anime
Disney
Marvel
Country
Pokémon
NFL
Puzzle
The Office
WWE
Soccer
Song
hide this ad
More By:
bojanthebest
Quiz
Plays
Rating
Category
Featured
Created
top 100 quarterbacks
5,539
4.22
Sports
Oct 11, 2010
Top 100 Country Music Artists
2,846
3.30
Music
Mar 30, 2013
Follow That Line:Three Amigos
1,031
4.71
Movies
May 7, 2013
top 100 running backs
913
3.80
Sports
Oct 11, 2010
candy bar fill in the blank(clickable)
911
4.75
Miscellaneous
Jan 10, 2013
Go to Creator's Profile
Score Distribution
Quiz Creator Spotlight
bojanthebest
Follow
Send a Message
Quizzes Created
-
Created Quiz Play Count
-
More By This Creator
Popular Quizzes Today
1
5x2 Blitz: Bands
2
Find the 'City' Movie
3
Find the US States - No Outlines Minefield
4
Colored Red Africa Blitz
5
The Countries of the World
6
Find the US States
7
Risky Map Clicking: Biggest States A-Z
8
9x9 Crossword: Cartoon Network
More Entertainment Quizzes
Criteria Sorting Gallery: Famous Names
Published
Trending Quizzes
Colored Red Africa Blitz II
Colored Red Europe Blitz I
Find the 'Dark' Movie
Find the 'Day' Movie
Find the 'Good' Movie
Recently Updated
Champions League XIs: Real Madrid
pecheneg
Largest US Cities 1790-2010
pecheneg
Rides in Walt Disney World
pecheneg
Most Oscar Losses (Acting)
pecheneg
Beyoncé Albums
pecheneg
Leaping Animals
pecheneg
Reality TV Shows (A-Z)
bhenderson79
Rickey Henderson's Hall of Fame Teammates
pecheneg
Champions League XIs: Arsenal
pecheneg
Quick Pick: Celebrities in WWE's Hall of Fame
aduchscher
Trending Topics
NBA
Kpop
Marvel
Crossword
Disney
Anime
Harry Potter
WWE
Soccer
Song
Pokémon
Puzzle
Country
NFL
The Office
Your Account Isn't Verified!
In order to create a playlist on Sporcle, you need to verify the email address you used during registration. Go to your
Sporcle Settings
to finish the process.
Report this User
Report this user for behavior that violates our
Community Guidelines
.
Details:
Send Report
Go to the Sporcle.com Mobile Site →
Comments